[Event "HUN-chT U18"]
[Site "Budapest"]
[Date "2022.11.02"]
[Round "5.4"]
[White "Matyassy, Lazar"]
[Black "Szegedy, Matyas"]
[Result "0-1"]
[WhiteElo "2152"]
[BlackElo "2116"]
[PlyCount "68"]
[EventDate "2022.10.31"]
[EventType "team-swiss"]
[EventRounds "7"]
[EventCountry "HUN"]
[SourceTitle "CBM 211 Extra"]
[Source "ChessBase"]
[SourceDate "2023.01.31"]
[SourceVersion "1"]
[SourceVersionDate "2023.01.31"]
[SourceQuality "1"]
[WhiteTeam "Budapest MTK"]
[BlackTeam "Paks ASE"]
[WhiteTeamCountry "HUN"]
[BlackTeamCountry "HUN"]

1. e4 c6 2. d4 d5 3. Nc3 dxe4 4. Nxe4 Nf6 5. Nxf6+ exf6 6. c3 Bd6 7. Bd3 0-0 8. Ne2 Re8 9. Qc2 g6 10. h4 Nd7 11. h5 Nf8 12. Bh6 f5 13. 0-0-0 Qf6 14. hxg6 fxg6 15. Kb1 Be6 16. Bf4 Bf7 17. g3 Rad8 18. Bxd6 Qxd6 19. Nf4 b5 20. Rh6 Ne6 21. Rdh1 Nxf4 22. gxf4 Qxf4 23. Rxh7 Bd5 24. Rh8+ Kg7 25. R8h7+ Kg8 26. Rh8+ Kg7 27. R8h7+ Kf6 28. Rc1 Rh8 29. Rxa7 Rh2 30. Qe2 Be4 31. Bxe4 Rxf2 32. Qd1 Qxe4+ 33. Ka1 Rh8 34. Qb3 Rh1 0-1

[Event "Tapolca Olympic Hopes"]
[Site "Tapolca"]
[Date "2021.06.26"]
[Round "5"]
[White "Szegedy, Matyas"]
[Black "Varga, Boldizsar"]
[Result "1/2-1/2"]
[WhiteElo "1978"]
[BlackElo "1913"]
[PlyCount "111"]
[EventDate "2021.06.24"]
[EventType "swiss"]
[EventRounds "7"]
[EventCountry "HUN"]
[SourceTitle "CBM 203 Extra"]
[Source "ChessBase"]
[SourceDate "2021.09.30"]
[SourceVersion "1"]
[SourceVersionDate "2021.09.30"]
[SourceQuality "1"]

1. e4 c5 2. Nf3 d6 3. d4 cxd4 4. Qxd4 a6 5. h3 Nc6 6. Qe3 e6 7. Be2 Nf6 8. c4 Be7 9. 0-0 0-0 10. Nc3 Bd7 11. b3 Qc7 12. Bb2 Rad8 13. Rac1 Qb8 14. a4 Qa7 15. Qd2 Ne8 16. Ba3 Bc8 17. Qb2 b6 18. b4 Bf6 19. Rfd1 Qb8 20. Qc2 Ne5 21. c5 Nxf3+ 22. Bxf3 dxc5 23. Rxd8 Bxd8 24. bxc5 Be7 25. Rb1 Qe5 26. Rxb6 Bxc5 27. Bxc5 Qxc5 28. Qb3 Nd6 29. Qb4 Qxb4 30. Rxb4 Rd8 31. Rb8 f6 32. Be2 Rf8 33. Rb6 Rd8 34. Bxa6 Bxa6 35. Rxa6 Kf7 36. Ra7+ Kg6 37. Re7 e5 38. Ra7 Rc8 39. Ra6 Rxc3 40. Rxd6 Rc4 41. Ra6 Rxe4 42. Ra7 Re1+ 43. Kh2 Ra1 44. Kg3 Kh6 45. a5 g5 46. a6 Kg6 47. Ra8 Kf5 48. f3 h5 49. h4 gxh4+ 50. Kxh4 Rh1+ 51. Kg3 h4+ 52. Kf2 Ra1 53. a7 Ra2+ 54. Ke3 Ra3+ 55. Kd2 Kf4 56. Ke2 1/2-1/2

[Event "Satu Mare Szabo Memorial"]
[Site "Satu Mare"]
[Date "2019.08.02"]
[Round "1"]
[White "Szegedy, Matyas"]
[Black "Florescu, Codrut Constantin"]
[Result "1-0"]
[WhiteElo "1854"]
[BlackElo "2314"]
[PlyCount "77"]
[EventDate "2019.08.02"]
[EventType "swiss"]
[EventRounds "9"]
[EventCountry "ROU"]
[SourceTitle "CBM 191 Extra"]
[Source "ChessBase"]
[SourceDate "2019.09.30"]
[SourceVersion "1"]
[SourceVersionDate "2019.09.30"]
[SourceQuality "1"]

1. e4 b6 2. Nc3 Bb7 3. g3 h5 4. Bg2 h4 5. d3 e6 6. Nh3 Nc6 7. Be3 Bb4 8. a3 Bxc3+ 9. bxc3 Qe7 10. 0-0 0-0-0 11. c4 hxg3 12. fxg3 f5 13. Nf4 Qf7 14. exf5 Qxf5 15. Be4 Qa5 16. Ng6 Nf6 17. Nxh8 Rxh8 18. Bg2 Qe5 19. Re1 Qf5 20. Qe2 Ng4 21. Rf1 Qe5 22. Qxg4 Qxe3+ 23. Kh1 Qh6 24. h3 g5 25. Rae1 Nd4 26. Bxb7+ Kxb7 27. Kg2 Nxc2 28. Re4 Rh7 29. Rf2 Nxa3 30. Ra2 Qf6 31. Ree2 Qc3 32. Qe4+ d5 33. Qxh7 b5 34. cxb5 Nxb5 35. Rab2 Kb6 36. Rec2 Qe5 37. Qd7 a6 38. Qc6+ Ka5 39. Qc5 1-0

[Event "HUN-ch U12"]
[Site "Balatonlelle"]
[Date "2019.06.26"]
[Round "7"]
[White "Magold, Filip"]
[Black "Szegedy, Matyas"]
[Result "1-0"]
[WhiteElo "1906"]
[BlackElo "1806"]
[PlyCount "119"]
[EventDate "2019.06.21"]
[EventType "swiss"]
[EventRounds "9"]
[EventCountry "HUN"]
[SourceTitle "CBM 191 Extra"]
[Source "ChessBase"]
[SourceDate "2019.09.30"]
[SourceVersion "1"]
[SourceVersionDate "2019.09.30"]
[SourceQuality "1"]

1. e4 e5 2. Nf3 Nc6 3. Bb5 a6 4. Ba4 d6 5. c4 Bg4 6. h3 Bxf3 7. Qxf3 Nf6 8. Nc3 Be7 9. 0-0 0-0 10. Bxc6 bxc6 11. d3 Rb8 12. b3 Nd7 13. Be3 Bf6 14. Rad1 c5 15. Qg4 g6 16. Ne2 Bg7 17. Bg5 f6 18. Bh4 Qe8 19. Nc3 c6 20. Qe2 f5 21. f3 f4 22. Rb1 h6 23. a3 g5 24. Bf2 Qg6 25. b4 cxb4 26. axb4 h5 27. b5 axb5 28. cxb5 cxb5 29. Rxb5 Rxb5 30. Nxb5 Rc8 31. Qa2+ Kh7 32. Qd5 Nf8 33. Qxd6 Qxd6 34. Nxd6 Rd8 35. Nf5 Rxd3 36. Rb1 Rd7 37. Rb6 Rc7 38. Rb8 Ng6 39. Rd8 Ne7 40. Nxe7 Rxe7 41. Rd5 Kg6 42. Bc5 Re6 43. Kf2 Re8 44. Ke2 Re6 45. Kd3 g4 46. hxg4 hxg4 47. Kc4 Kg5 48. Rd7 Rg6 49. Be7+ Kh6 50. Rd6 gxf3 51. gxf3 Kh5 52. Rxg6 Kxg6 53. Kd5 Kh5 54. Ke6 Kg6 55. Bd6 Kh5 56. Bxe5 Bxe5 57. Kxe5 Kg5 58. Kd4 Kh4 59. e5 Kg3 60. Ke4 1-0